| Tag |
First Indicator |
Second Indicator |
Subfields |
| LEADER |
00000cam a2200000 a 4500 |
| 001 |
in00000088660 |
| 005 |
20151008065202.0 |
| 008 |
820428s1981 enka b 10110 eng |
| 010 |
|
|
|a 81067910
|
| 015 |
|
|
|a GB***
|
| 020 |
|
|
|a 012361550X
|
| 035 |
|
|
|a (OCoLC)08451524
|
| 035 |
|
|
|9 AAK5506AM
|
| 039 |
0 |
|
|a 2
|b 3
|c 3
|d 3
|e 3
|
| 040 |
|
|
|a DLC
|c DLC
|d TXA
|d UtOrBLW
|
| 049 |
|
|
|a TXAM
|c [1443028]
|
| 050 |
0 |
0 |
|a GN485.5
|b .R47 1980
|
| 082 |
0 |
|
|a 306/.9
|2 19
|
| 111 |
2 |
|
|a Research Seminar in Archaeology and Related Subjects
|d (1980 :
|c London University)
|
| 245 |
1 |
0 |
|a Mortality and immortality :
|b the anthropology and archaeology of death : proceedings of a meeting of the Research Seminar in Archaeology and Related Subjects held at the Institute of Archaeology, London University, in June 1980 /
|c edited by S.C. Humphreys and Helen King.
|
| 264 |
|
1 |
|a London ;
|a New York :
|b Academic Press,
|c 1981.
|
| 300 |
|
|
|a x, 346 pages :
|b illustrations ;
|c 24 cm.
|
| 336 |
|
|
|a text
|b txt
|2 rdacontent
|
| 337 |
|
|
|a unmediated
|b n
|2 rdamedia
|
| 338 |
|
|
|a volume
|b nc
|2 rdacarrier
|
| 504 |
|
|
|a Includes bibliographies and indexes.
|
| 650 |
|
0 |
|a Death
|x Social aspects
|x Congresses.
|
| 650 |
|
0 |
|a Funeral rites and ceremonies
|x Congresses.
|
| 700 |
1 |
|
|a Humphreys, S. C.
|q (Sarah C.)
|
| 700 |
1 |
|
|a King, Helen,
|d 1957-
|
| 999 |
|
|
|a MARS
|
| 999 |
f |
f |
|s ce59a849-f500-3e41-884d-df85bea3661b
|i f8ebda52-ad12-351d-bbd9-b15b01c0184f
|t 0
|
| 952 |
f |
f |
|p ric
|a Texas A&M University
|b Rellis Campus
|c Joint Library Facility
|d Remote Storage
|t 0
|e GN485.5 .R47 1980
|h Library of Congress classification
|i unmediated -- volume
|m A14806114456
|
| 998 |
f |
f |
|a GN485.5 .R47 1980
|t 0
|l Remote Storage
|